[Event "Stay Safe Play From Home 297"]
[Site "Emanuel Lasker Arena"]
[Date "2020.07.14"]
[Round "5"]
[White "Fischer_11"]
[Black "Perca"]
[Result "1-0"]
[WhiteElo "2075"]
[BlackElo "1520"]
[Annotator "NA"]
[PlyCount "73"]
[EventDate "2020.07.14"]
[EventType "swiss (blitz)"]

1. e4 {[%emt 0:00:02]} e5 {[%emt 0:00:01]} 2. Bc4 {[%emt 0:00:02]} d6 {[%emt 0:00:01]} 3. Nc3 {[%emt 0:00:00]} Be6 {[%emt 0:00:02]} 4. Bb3 {[%emt 0:00:01]} Nc6 {[%emt 0:00:01]} 5. d3 {[%emt 0:00:01]} Qd7 {[%emt 0:00:01]} 6. f4 {[%emt 0:00:00]} Bxb3 {[%emt 0:00:02]} 7. Nf3 {[%emt 0:00:00]} O-O-O {[%emt 0:00:00]} 8. axb3 {[%emt 0:00:00]} Nd4 {[%emt 0:00:03]} 9. O-O {[%emt 0:00:00]} Nxf3+ {[%emt 0:00:02]} 10. Qxf3 {[%emt 0:00:00]} exf4 {[%emt 0:00:01]} 11. Bxf4 {[%emt 0:00:00]} Kb8 {[%emt 0:00:01]} 12. Qf2 {[%emt 0:00:02]} b6 {[%emt 0:00:01]} 13. Nd5 {[%emt 0:00:06]} Ne7 {[%emt 0:00:03]} 14. Nb4 {[%emt 0:00:02]} Nc6 {[%emt 0:00:02]} 15. Na6+ {[%emt 0:00:02]} Kb7 {[%emt 0:00:01]} 16. c3 {[%emt 0:00:01]} Ra8 {[%emt 0:00:02]} 17. Qf3 {[%emt 0:00:01]} f6 {[%emt 0:00:03]} 18. d4 {[%emt 0:00:00]} g5 {[%emt 0:00:01]} 19. Bg3 {[%emt 0:00:02]} g4 {[%emt 0:00:00]} 20. Qxf6 {[%emt 0:00:02]} Be7 {[%emt 0:00:04]} 21. Qf5 {[%emt 0:00:02]} Qxf5 {[%emt 0:00:02]} 22. Rxf5 {[%emt 0:00:00]} h5 {[%emt 0:00:01]} 23. e5 {[%emt 0:00:04]} h4 {[%emt 0:00:01]} 24. exd6 {[%emt 0:00:02]} cxd6 {[%emt 0:00:02]} 25. Bf2 {[%emt 0:00:02]} g3 {[%emt 0:00:01]} 26. hxg3 {[%emt 0:00:01]} hxg3 {[%emt 0:00:01]} 27. Bxg3 {[%emt 0:00:00]} Bh4 {[%emt 0:00:01]} 28. Bxh4 {[%emt 0:00:01]} Rxh4 {[%emt 0:00:02]} 29. Rf7+ {[%emt 0:00:01]} Kc8 {[%emt 0:00:03]} 30. Rc7+ {[%emt 0:00:01]} Kd8 {[%emt 0:00:04]} 31. Rxc6 {[%emt 0:00:01]} Rh7 {[%emt 0:00:03]} 32. Rxd6+ {[%emt 0:00:01]} Ke7 {[%emt 0:00:01]} 33. Rc6 {[%emt 0:00:01]} Kf8 {[%emt 0:00:04]} 34. Rc7 {[%emt 0:00:01]} Rxc7 {[%emt 0:00:02]} 35. Nxc7 {[%emt 0:00:00]} Rc8 {[%emt 0:00:00]} 36. Rxa7 {[%emt 0:00:01]} Kg8 {[%emt 0:00:03]} 37. c4 {[%emt 0:00:00] Idő (Lag: Av=0.82s, max=1.0s)} 1-0

[Event "Stay Safe Play From Home 297"]
[Site "Emanuel Lasker Arena"]
[Date "2020.07.14"]
[Round "5"]
[White "NTBT_DHS"]
[Black "Little champs"]
[Result "1-0"]
[WhiteElo "1999"]
[BlackElo "2260"]
[Annotator "TA"]
[PlyCount "129"]
[EventDate "2020.07.14"]
[EventType "swiss (blitz)"]

{[%evp 16,129,24,23,60,45,57,43,90,52,50,53,53,41,40,39,58,43,75,82,74,67,75,60,77,44,57,30,57,41,44,40,39,28,84,91,106,115,190,181,336,291,287,280,269,246,389,376,384,111,108,106,112,104,112,112,112,112,117,106,223,178,477,70,79,60,60,60,65,65,65,60,88,88,88,88,88,0,88,53,529,71,88,88,1228,12,291,0,2415,2335,1301,767,722,632,5548,5485,5302,2105,29970,29971,29971,29972,29967,29970,29966,29965,29970,29971,29974,29975,29975,29975,29977,29978,29977,29975]} 1. e4 c6 2. Nf3 d5 3. exd5 cxd5 4. d4 Nc6 5. Bd3 Nf6 6. c3 g6 7. O-O Bg7 8. h3 O-O 9. Re1 Bd7 {B13: Caro-Kann: Exchange Variation and Panov-Botvinnik Attack.} 10. Bf4 Rc8 11. Nbd2 e6 {White is slightly better.} 12. Ne5 {[#]} Nxe5 $146 ({Predecessor:} 12... a6 13. Nxc6 Bxc6 14. Nf3 b5 15. Ne5 Qb6 16. a4 b4 17. a5 Qa7 18. Nxc6 Rxc6 {1-0 (27) Balinski,D (2181)-Stebel,J (1858) Liberec 2016}) 13. Bxe5 Ne8 14. Bxg7 Nxg7 15. Nf3 Bc6 16. Qd2 Re8 17. Qh6 f6 18. Re2 Qd6 19. Rae1 Re7 20. Qh4 Rf8 21. Nh2 {[%cal Bf3h2,Bh2g4,Bg4e5][%mdl 32]} Ree8 22. Ng4 Nh5 23. Re3 $40 {[%mdl 128] White attacks.} Bd7 24. Rf3 {[%cal Rf3f6]} f5 (24... Kg7 $11 {remains equal.}) 25. Ne5 $16 Bc8 26. g4 fxg4 (26... Nf6 $16) 27. hxg4 $18 (27. Qxg4 $6 Rxf3 28. Qxf3 Rf8 $14) 27... Nf4 $2 (27... Rxf3 28. gxh5 (28. Nxf3 Nf4 $14) 28... Rxd3) 28. Bc2 Qe7 29. g5 Nh5 {intending ...Rxf3.} 30. Ree3 {Black must now prevent Bxg6!} Rxf3 (30... Qg7 {was necessary.} 31. Bd1 Bd7 32. Rxf8+ Rxf8 33. Bxh5 gxh5 34. Qxh5 Be8) 31. Rxf3 ({And not} 31. Nxf3 Rf8 $11) 31... Rf8 32. Bd1 $2 (32. Rxf8+ $18 {and White stays clearly on top.} Qxf8 33. Nxg6 $1 {[%mdl 512]}) 32... Rxf3 $16 33. Bxf3 Ng7 34. Bg4 (34. Be2 {seems wilder.} Nf5 35. Qf4 Qd6 36. Kg2 Bd7 37. Bd3) 34... Nf5 35. Bxf5 $1 exf5 36. Qf4 Be6 37. Nf3 Kf7 (37... Qd8 $16) 38. Qe5 Bc8 $2 (38... Qd8 39. Kg2 Bc8) 39. Kg2 $2 (39. Qh8 $18 Qe6 40. Qxh7+ Ke8 41. Ne5) 39... Qxe5 $14 40. Nxe5+ {[%mdl 4096] Endgame KB-KN} Ke6 41. Kg3 b6 42. Kf4 Bb7 43. Nd3 a6 44. Ke3 Bc6 45. Nf4+ Kd6 46. Nd3 ({White should play} 46. b3 $16) 46... Bd7 (46... Ke6 $1 $11) 47. Ne5 Ke6 $2 {[%mdl 8192]} (47... Bc8 $14) 48. Kf4 $2 (48. Nxd7 $18 {is the precise move to win.} Kxd7 49. b3) 48... Be8 49. b3 Bd7 $2 {[%mdl 8192]} (49... Kd6 $16) 50. c4 $2 ({White must play} 50. Nxd7 $18 Kxd7 51. Ke5) 50... dxc4 $2 {[%mdl 8192] [#]} (50... Be8 $11 {and Black stays safe.}) 51. bxc4 $2 ({Stronger than} 51. Nxc4 b5 $11) (51. d5+ $1 $18 {[%mdl 512]} Ke7 (51... Kxd5 52. Nxd7) 52. Nxc4 (52. bxc4 Bc8 $16)) 51... b5 $2 {[%mdl 8192]} (51... Be8 $11) 52. d5+ $18 Kd6 {[#]} 53. c5+ $1 {[%mdl 512]} Kxd5 (53... Kxc5 54. Nxd7+) 54. Nxd7 {aiming for Nf6+. KN-KP} a5 55. Ke3 a4 56. Kd3 b4 57. Nb6+ {White mates.} Kxc5 58. Nxa4+ Kb5 59. Nb2 Kc5 60. Nc4 Kb5 61. Nd2 Ka4 62. Kc4 Ka3 63. Nf3 Kxa2 64. Kxb4 Kb2 65. Ne5 {Accuracy: White = 63%, Black = 48%.} 1-0

[Event "Stay Safe Play From Home 297"]
[Site "Emanuel Lasker Arena"]
[Date "2020.07.12"]
[Round "5"]
[White "Chesstiger9"]
[Black "Mepe_Nika"]
[Result "0-1"]
[WhiteElo "1977"]
[BlackElo "2416"]
[Annotator "TA"]
[PlyCount "30"]
[EventDate "2020.07.12"]
[EventType "swiss (blitz)"]

{[%evp 9,30,25,22,22,23,6,12,14,25,3,18,-33,-19,-33,4,-178,-137,-490,-450,-1580,-904,-29995,-29996]} 1. e4 e5 2. Nf3 Nc6 3. Bc4 Nf6 4. d3 Bc5 5. c3 a6 6. a4 {C54: Giuoco Piano: 4 c3 Nf6, main lines with 5 d4 and 5 d3.} d6 7. h3 h6 8. O-O {The position is equal.} Ba7 9. Re1 g5 10. d4 ({White should try} 10. Nh2 $11) 10... g4 $15 {[#]} 11. hxg4 $146 ({Predecessor:} 11. dxe5 gxf3 12. exf6 Ne5 13. Na3 Rg8 14. Bf1 Qxf6 15. Be3 Rxg2+ 16. Kh1 Qg6 17. Bxa7 Rg1+ 18. Kh2 Rxf1 19. Rxf1 Qg2# {0-1 (19) Chin,A (1781)-Harshita,G (2051) Montevideo 2017}) 11... Bxg4 12. Qb3 $2 (12. Be3 $11) 12... Qd7 {[#] Threatens to win with ...Bxf3.} 13. dxe5 $2 {[%mdl 8192]} (13. Nbd2 $17 O-O-O 14. Bxf7) 13... Bxf3 $19 14. gxf3 (14. e6 $142 fxe6 15. gxf3) 14... Nxe5 {( -> ...Qh3)} 15. Be2 Qh3 {White got outplayed after the opening. Accuracy: White = 36%, Black = 66%.} 0-1

[Event "Stay Safe Play From Home 297"]
[Site "Emanuel Lasker Arena"]
[Date "2020.07.12"]
[Round "5"]
[White "Patzeroglu"]
[Black "W Nelles"]
[Result "1-0"]
[WhiteElo "1927"]
[BlackElo "1372"]
[Annotator "TA"]
[PlyCount "25"]
[EventDate "2020.07.12"]
[EventType "swiss (blitz)"]

{[%evp 9,24,16,80,98,82,77,101,89,109,91,141,109,204,171,188,145,29999]} 1. e4 e5 2. Nf3 Nc6 3. Nc3 d6 4. d4 Bg4 5. dxe5 Nxe5 (5... dxe5 $11 {remains equal.} 6. Bb5 Qxd1+ 7. Nxd1 f6) 6. Be2 $16 {C46: 3 Nc3: Unusual Black 3rd moves.} Nxf3+ 7. Bxf3 Bxf3 8. Qxf3 {White is better.} Qf6 {[#]} 9. Bf4 $146 ({Predecessor:} 9. Qd3 c6 10. Be3 Ne7 11. f4 a6 12. e5 Qe6 13. O-O O-O-O 14. Rad1 Nf5 15. Bb6 {1-0 (28) Bullen,A (2049)-Turner,J (1918) Penarth 2017}) 9... O-O-O 10. O-O-O Be7 (10... Qe6 $16) 11. Nd5 Qe6 12. Qc3 {[%csl Gd5][%cal Rc3c7][%mdl 64] [#] Double Attack} Nf6 $2 {[%mdl 8192]} (12... Rd7 $16) 13. Qxc7# {Black got outplayed after the opening} 1-0

[Event "Stay Safe Play From Home 297"]
[Site "Emanuel Lasker Arena"]
[Date "2020.07.12"]
[Round "5"]
[White "Oliverfab"]
[Black "sadbat1122"]
[Result "1-0"]
[WhiteElo "1882"]
[BlackElo "1658"]
[Annotator "NA RC"]
[PlyCount "95"]
[EventDate "2020.07.12"]
[EventType "swiss (blitz)"]
[WhiteTeam "SV Laatzen"]

{Fábregas, Oliver (1915)} 1. Nf3 {[%emt 0:00:01]} e6 {[%emt 0:00:01]} 2. c4 {[%emt 0:00:02]} d5 {[%emt 0:00:02]} 3. b3 {[%emt 0:00:02]} Nf6 {[%emt 0:00:02]} 4. e3 {[%emt 0:00:02]} c6 {[%emt 0:00:03]} 5. Bb2 {[%emt 0:00:02]} Nbd7 {[%emt 0:00:02]} 6. d4 {[%emt 0:00:02]} Bd6 {[%emt 0:00:02]} 7. Bd3 {[%emt 0:00:02]} Qe7 {[%emt 0:00:04]} 8. c5 {[%emt 0:00:03]} Bc7 {[%emt 0:00:02]} 9. O-O {[%emt 0:00:05]} e5 {[%emt 0:00:02]} 10. Bf5 {[%emt 0:00:04]} e4 {[%emt 0:00:03]} 11. Nfd2 {[%emt 0:00:03]} g6 {[%emt 0:00:08]} 12. Bh3 {[%emt 0:00:06]} O-O {[%emt 0:00:06]} 13. Qe2 {[%emt 0:00:04]} b6 {[%emt 0:00:02]} 14. b4 {[%emt 0:00:02]} a5 {[%emt 0:00:05]} 15. Bxd7 {[%emt 0:00:15]} Nxd7 {[%emt 0:00:05]} 16. b5 {[%emt 0:00:13]} cxb5 {[%emt 0:00:02]} 17. c6 {[%emt 0:00:02]} Nb8 {[%emt 0:00:05]} 18. Rc1 {[%emt 0:00:02]} Bd6 {[%emt 0:00:08]} 19. Nc3 {[%emt 0:00:03]} b4 {[%emt 0:00:04]} 20. Nxd5 {[%emt 0:00:02]} Ba6 {[%emt 0:00:05]} 21. Nxe7+ {[%emt 0:00:03]} Bxe7 {[%emt 0:00:02]} 22. Qg4 {[%emt 0:00:05]} f5 {[%emt 0:00:03]} 23. Qg3 {[%emt 0:00:02]} Rc8 {[%emt 0:00:05]} 24. c7 {[%emt 0:00:02]} Nd7 {[%emt 0:00:03]} 25. d5 {[%emt 0:00:03]} Bd3 {[%emt 0:00:22]} 26. d6 {[%emt 0:00:03]} Bf8 {[%emt 0:00:03]} 27. h4 {[%emt 0:00:04]} a4 {[%emt 0:00:11]} 28. a3 {[%emt 0:00:04]} b3 {[%emt 0:00:04]} 29. h5 {[%emt 0:00:02]} Kf7 {[%emt 0:00:04]} 30. hxg6+ {[%emt 0:00:02]} hxg6 {[%emt 0:00:02]} 31. Nc4 {[%emt 0:00:04]} Bg7 {[%emt 0:00:16]} 32. Ne5+ {[%emt 0:00:07]} Nxe5 {[%emt 0:00:12]} 33. Bxe5 {[%emt 0:00:01]} b2 {[%emt 0:00:24]} 34. d7 {[%emt 0:00:17]} bxa1=Q {[%emt 0:00:09]} 35. Rxa1 {[%emt 0:00:02]} Rxc7 {[%emt 0:00:04]} 36. Bxg7 {[%emt 0:00:04]} Rxd7 {[%emt 0:00:03]} 37. Bd4 {[%emt 0:00:03]} Re8 {[%emt 0:00:09]} 38. Bxb6 {[%emt 0:00:08]} Bc4 {[%emt 0:00:03]} 39. Bd4 {[%emt 0:00:03]} Bb3 {[%emt 0:00:02]} 40. Rc1 {[%emt 0:00:02]} Re6 {[%emt 0:00:06]} 41. Rc7 {[%emt 0:00:04]} Ke8 {[%emt 0:00:10]} 42. Rxd7 {[%emt 0:00:05]} Kxd7 {[%emt 0:00:02]} 43. Qb8 {[%emt 0:00:05]} Rc6 {[%emt 0:00:06]} 44. Be5 {[%emt 0:00:10]} Rc1+ {[%emt 0:00:13]} 45. Kh2 {[%emt 0:00:02]} g5 {[%emt 0:00:04]} 46. Qd6+ {[%emt 0:00:07]} Ke8 {[%emt 0:00:02]} 47. Bf6 {[%emt 0:00:06]} Rd1 {[%emt 0:00:08]} 48. Qe7# {[%emt 0:00:03] (Lag: Av=0.86s, max=2.7s)} 1-0

[Event "Stay Safe Play From Home 297"]
[Site "Emanuel Lasker Arena"]
[Date "2020.07.12"]
[Round "5"]
[White "Haris kollari 13"]
[Black "Buzaglo"]
[Result "1-0"]
[WhiteElo "1876"]
[BlackElo "1765"]
[Annotator "NA RC"]
[PlyCount "125"]
[EventDate "2020.07.12"]
[EventType "swiss (blitz)"]

1. e4 {[%emt 0:00:01]} e5 {[%emt 0:00:01]} 2. f4 {[%emt 0:00:03]} d6 {[%emt 0:00:01]} 3. Nf3 {[%emt 0:00:01]} Nc6 {[%emt 0:00:01]} 4. Bb5 {[%emt 0:00:01]} Bd7 {[%emt 0:00:01]} 5. c3 {[%emt 0:00:01]} a6 {[%emt 0:00:05]} 6. Ba4 {[%emt 0:00:01]} b5 {[%emt 0:00:01]} 7. Bc2 {[%emt 0:00:01]} Nge7 {[%emt 0:00:07]} 8. O-O {[%emt 0:00:02]} Bg4 {[%emt 0:00:05]} 9. d4 {[%emt 0:00:03]} exd4 {[%emt 0:00:03]} 10. cxd4 {[%emt 0:00:01]} Bxf3 {[%emt 0:00:03]} 11. Rxf3 {[%emt 0:00:01]} d5 {[%emt 0:00:04]} 12. e5 {[%emt 0:00:02]} g6 {[%emt 0:00:05]} 13. Be3 {[%emt 0:00:05]} Nf5 {[%emt 0:00:03]} 14. Bxf5 {[%emt 0:00:02]} gxf5 {[%emt 0:00:00]} 15. a3 {[%emt 0:00:05]} Rg8 {[%emt 0:00:04]} 16. Qd2 {[%emt 0:00:02]} Be7 {[%emt 0:00:04]} 17. Nc3 {[%emt 0:00:03]} h5 {[%emt 0:00:04]} 18. b4 {[%emt 0:00:05]} f6 {[%emt 0:00:12]} 19. Qd3 {[%emt 0:00:17]} Qd7 {[%emt 0:00:04]} 20. Re1 {[%emt 0:00:03]} Kf7 {[%emt 0:00:02]} 21. Bf2 {[%emt 0:00:02]} fxe5 {[%emt 0:00:04]} 22. fxe5 {[%emt 0:00:03]} Qe6 {[%emt 0:00:08]} 23. Rxf5+ {[%emt 0:00:02]} Ke8 {[%emt 0:00:01]} 24. Rxh5 {[%emt 0:00:06]} Kd7 {[%emt 0:00:03]} 25. Ne2 {[%emt 0:00:08]} Qg4 {[%emt 0:00:07]} 26. Qf5+ {[%emt 0:00:05]} Qxf5 {[%emt 0:00:04]} 27. Rxf5 {[%emt 0:00:01]} Rg4 {[%emt 0:00:05]} 28. Nf4 {[%emt 0:00:03]} Rag8 {[%emt 0:00:07]} 29. g3 {[%emt 0:00:01]} a5 {[%emt 0:00:02]} 30. Nxd5 {[%emt 0:00:14]} axb4 {[%emt 0:00:04]} 31. axb4 {[%emt 0:00:01]} Nxb4 {[%emt 0:00:06]} 32. Nxb4 {[%emt 0:00:02]} Bxb4 {[%emt 0:00:00]} 33. Rb1 {[%emt 0:00:01]} Bc3 {[%emt 0:00:06]} 34. Rxb5 {[%emt 0:00:03]} Bxd4 {[%emt 0:00:01]} 35. Bxd4 {[%emt 0:00:17]} Rxd4 {[%emt 0:00:00]} 36. Rf7+ {[%emt 0:00:04]} Kc6 {[%emt 0:00:03]} 37. Rb2 {[%emt 0:00:04]} Re8 {[%emt 0:00:06]} 38. Rc2+ {[%emt 0:00:01]} Kd5 {[%emt 0:00:09]} 39. Rfxc7 {[%emt 0:00:05]} Rxe5 {[%emt 0:00:07]} 40. Rd7+ {[%emt 0:00:04]} Ke4 {[%emt 0:00:01]} 41. Re2+ {[%emt 0:00:05]} Kf3 {[%emt 0:00:05]} 42. Rxd4 {[%emt 0:00:07]} Rxe2 {[%emt 0:00:10]} 43. Rf4+ {[%emt 0:00:01]} Ke3 {[%emt 0:00:00]} 44. h4 {[%emt 0:00:03]} Rc2 {[%emt 0:00:11]} 45. Rf7 {[%emt 0:00:05]} Rc5 {[%emt 0:00:03]} 46. Kg2 {[%emt 0:00:01]} Rc2+ {[%emt 0:00:03]} 47. Kh3 {[%emt 0:00:01]} Rc1 {[%emt 0:00:02]} 48. h5 {[%emt 0:00:01]} Rh1+ {[%emt 0:00:01]} 49. Kg4 {[%emt 0:00:01]} Ke4 {[%emt 0:00:05]} 50. Re7+ {[%emt 0:00:04]} Kd5 {[%emt 0:00:02]} 51. Kg5 {[%emt 0:00:01]} Kd6 {[%emt 0:00:01]} 52. Re2 {[%emt 0:00:01]} Rh3 {[%emt 0:00:03]} 53. g4 {[%emt 0:00:01]} Kd5 {[%emt 0:00:02]} 54. h6 {[%emt 0:00:01]} Kd6 {[%emt 0:00:02]} 55. Kg6 {[%emt 0:00:01]} Rg3 {[%emt 0:00:02]} 56. g5 {[%emt 0:00:01]} Ra3 {[%emt 0:00:01]} 57. h7 {[%emt 0:00:01]} Ra8 {[%emt 0:00:05]} 58. Kg7 {[%emt 0:00:01]} Ra7+ {[%emt 0:00:01]} 59. Kh6 {[%emt 0:00:01]} Ra8 {[%emt 0:00:02]} 60. g6 {[%emt 0:00:01]} Kd5 {[%emt 0:00:02]} 61. g7 {[%emt 0:00:02]} Ra6+ {[%emt 0:00:01]} 62. Kh5 {[%emt 0:00:01]} Ra7 {[%emt 0:00:02]} 63. g8=Q+ {[%emt 0:00:02] Buzaglo resigns (Lag: Av=0.60s, max=3.0s)} 1-0

[Event "Stay Safe Play From Home 297"]
[Site "Emanuel Lasker Arena"]
[Date "2020.07.14"]
[Round "5"]
[White "NeatFox"]
[Black "TheCHESSHOUSE"]
[Result "0-1"]
[WhiteElo "1856"]
[BlackElo "1620"]
[Annotator "NA RC"]
[PlyCount "60"]
[EventDate "2020.07.14"]
[EventType "swiss (blitz)"]

1. g4 {[%emt 0:00:01]} d5 {[%emt 0:00:01]} 2. Bg2 {[%emt 0:00:00]} Bxg4 {[%emt 0:00:01]} 3. c4 {[%emt 0:00:00]} dxc4 {[%emt 0:00:01]} 4. Bxb7 {[%emt 0:00:01]} Nd7 {[%emt 0:00:03]} 5. Bxa8 {[%emt 0:00:01]} Qxa8 {[%emt 0:00:00]} 6. f3 {[%emt 0:00:00]} Be6 {[%emt 0:00:01]} 7. Nc3 {[%emt 0:00:00]} g6 {[%emt 0:00:01]} 8. Nb5 {[%emt 0:00:00]} Qb8 {[%emt 0:00:03]} 9. Qa4 {[%emt 0:00:02]} Ngf6 {[%emt 0:00:05]} 10. Nd4 {[%emt 0:00:04]} Bd5 {[%emt 0:00:03]} 11. e4 {[%emt 0:00:04]} Bb7 {[%emt 0:00:02]} 12. Qxc4 {[%emt 0:00:03]} Bg7 {[%emt 0:00:01]} 13. d3 {[%emt 0:00:02]} O-O {[%emt 0:00:01]} 14. Bf4 {[%emt 0:00:02]} e5 {[%emt 0:00:01]} 15. Bg3 {[%emt 0:00:06]} exd4 {[%emt 0:00:01]} 16. Qxd4 {[%emt 0:00:01]} Rd8 {[%emt 0:00:03]} 17. Qc3 {[%emt 0:00:02]} Nxe4 {[%emt 0:00:04]} 18. Qxc7 {[%emt 0:00:01]} Nxg3 {[%emt 0:00:02]} 19. Qxg3 {[%emt 0:00:02]} Re8+ {[%emt 0:00:01]} 20. Kd2 {[%emt 0:00:02]} Qd8 {[%emt 0:00:02]} 21. f4 {[%emt 0:00:01]} Qa5+ {[%emt 0:00:01]} 22. Kd1 {[%emt 0:00:02]} Bxh1 {[%emt 0:00:03]} 23. Nf3 {[%emt 0:00:02]} Bxf3+ {[%emt 0:00:01]} 24. Qxf3 {[%emt 0:00:00]} Qe1+ {[%emt 0:00:01]} 25. Kc2 {[%emt 0:00:01]} Rc8+ {[%emt 0:00:02]} 26. Kb3 {[%emt 0:00:02]} Qxa1 {[%emt 0:00:01]} 27. Qb7 {[%emt 0:00:02]} Qxb2+ {[%emt 0:00:01]} 28. Ka4 {[%emt 0:00:02]} Qxb7 {[%emt 0:00:00]} 29. d4 {[%emt 0:00:02]} Rc6 {[%emt 0:00:01]} 30. d5 {[%emt 0:00:02]} Ra6# {[%emt 0:00:00] (Lag: Av=0.87s, max=4.5s)} 0-1

[Event "Stay Safe Play From Home 297"]
[Site "Emanuel Lasker Arena"]
[Date "2020.07.14"]
[Round "5"]
[White "Buzaglo"]
[Black "Bardellosport"]
[Result "0-1"]
[WhiteElo "1803"]
[BlackElo "2001"]
[Annotator "TA"]
[PlyCount "80"]
[EventDate "2020.07.14"]
[EventType "swiss (blitz)"]

{[%evp 9,79,20,34,29,23,23,29,0,11,12,16,29,26,0,23,-66,-48,-155,-6,-89,343,351,336,340,797,704,695,665,893,853,898,893,840,-257,-241,-252,-65,-349,0,-333,-33,-280,-266,-504,-420,-905,-565,-648,-623,-616,-102,-2254,-2198,-2077,-2071,-29994,-29978,-29992,-29993,-29994,-29994,-29994,-29995,-29996,-29995,-29998,-29997,-29997,-29998,-29998,-29999,-29999]} 1. d4 d5 2. Nf3 c6 3. g3 e6 4. Bg2 f5 5. O-O Nf6 6. Nbd2 {A81: Dutch Defence: 2 g3.} Bd6 7. c4 Qe7 8. c5 {White has an edge.} Bc7 9. b4 O-O {[#]} 10. a4 $146 ({Predecessor:} 10. Ne5 Nbd7 11. Nd3 Kh8 12. Nf3 Rg8 13. a4 Ne4 14. Qc2 g5 15. Nfe5 Qg7 16. f3 {0-1 (47) Prohens Escandell,O (1480)-Guasch Riera,J (1516) Eivissa 2016}) 10... Nbd7 11. b5 Ne4 12. bxc6 (12. Bb2 $11) 12... bxc6 $15 13. a5 (13. Nxe4 $15 fxe4 14. Ne1) 13... a6 (13... Nc3 $17 14. Qc2 Nxe2+ 15. Kh1 Ba6) 14. Qa4 {[#]} (14. Bb2 $11) 14... e5 $2 {[%mdl 8192]} (14... Nc3 $1 $17 {[%cal Rc3a4] stays on course.} 15. Qc2 (15. Qxc6 Ra7 $15) 15... Nxe2+ 16. Kh1 Nxc1 17. Rfxc1 Qf6) 15. Qxc6 $18 {[%mdl 64] Double Attack} Nxd2 16. Bxd2 ({Much less strong is} 16. Qxa8 Nxf1 17. Qxd5+ (17. Bxf1 exd4 18. Qxd5+ Kh8 $18) (17. Kxf1 Nf6 $18) 17... Kh8 $18) 16... Nf6 $2 (16... Ra7 17. Qxd5+ Kh8) 17. dxe5 Bxe5 18. Nxe5 Qxe5 19. Bf4 Qe6 20. Qxa8 Bd7 21. Qxa6 $4 {[%mdl 8192] [#]} (21. Qb7 $18 {and all is fine.}) 21... Qxa6 $19 22. Be5 Qxe2 $2 ({Black should play} 22... Bc6 $19 23. Bxf6 Rxf6) 23. Bd6 $2 {[%mdl 8192]} (23. Bxf6 $1 $15 Rxf6 24. Bxd5+ Kf8 25. Bb7) 23... Ne4 $2 (23... Ra8 $19 {White must now prevent ...Ne4.} 24. Rfe1 Qa6) 24. Rae1 $2 {[%mdl 8192]} (24. Bxf8 $11 {and White stays safe.} Kxf8 25. a6) 24... Qd2 $2 (24... Qa6 $19 25. Bxf8 Kxf8) 25. Rd1 $2 (25. Bxf8 $15 Kxf8 26. a6) 25... Qxa5 26. Rxd5 $2 (26. Bxf8 Kxf8 27. Rxd5) 26... Rd8 27. Re5 (27. Be7 $142 Qa2 28. Rdd1) 27... Bc6 28. Be7 Rd7 29. Bd6 Nxd6 $2 (29... Rxd6 $19 {has better winning chances.} 30. Rxe4 Qxc5) 30. Re8+ $2 {[%mdl 8192]} (30. Bxc6 $17 Rd8 31. Bd5+ Nf7 32. Rxf5) 30... Nxe8 31. Bxc6 Re7 32. Re1 Qxc5 {Black mates.} 33. Rf1 Qxc6 34. h4 Qf3 35. Kh2 Nf6 36. Kh3 Re2 37. Rg1 Ng4 38. Rg2 Rxf2 39. Rxf2 Qxf2 {[%csl Gg4][%cal Rf2h2]} 40. h5 Qh2# {Never resign too early! Accuracy: White = 38%, Black = 35%.} 0-1

[Event "Stay Safe Play From Home 297"]
[Site "Emanuel Lasker Arena"]
[Date "2020.07.12"]
[Round "5"]
[White "Timbre"]
[Black "Tvtower68"]
[Result "1-0"]
[WhiteElo "1498"]
[BlackElo "1806"]
[Annotator "NA RC"]
[PlyCount "111"]
[EventDate "2020.07.12"]
[EventType "swiss (blitz)"]

1. d4 {[%emt 0:00:11]} Nf6 {[%emt 0:00:03]} 2. Nf3 {[%emt 0:00:02]} d5 {[%emt 0:00:02]} 3. c3 {[%emt 0:00:01]} g6 {[%emt 0:00:02]} 4. Bf4 {[%emt 0:00:03]} Bg7 {[%emt 0:00:01]} 5. e3 {[%emt 0:00:01]} Nh5 {[%emt 0:00:03]} 6. Bg5 {[%emt 0:00:03]} c6 {[%emt 0:00:06]} 7. Be2 {[%emt 0:00:03]} Nf6 {[%emt 0:00:03]} 8. Nbd2 {[%emt 0:00:02]} Nbd7 {[%emt 0:00:03]} 9. O-O {[%emt 0:00:03]} h6 {[%emt 0:00:01]} 10. Bh4 {[%emt 0:00:03]} O-O {[%emt 0:00:01]} 11. Bg3 {[%emt 0:00:01]} Qb6 {[%emt 0:00:03]} 12. b3 {[%emt 0:00:03]} Nh5 {[%emt 0:00:02]} 13. c4 {[%emt 0:00:02]} Nxg3 {[%emt 0:00:01]} 14. hxg3 {[%emt 0:00:02]} e6 {[%emt 0:00:06]} 15. c5 {[%emt 0:00:02]} Qc7 {[%emt 0:00:02]} 16. a4 {[%emt 0:00:03]} a5 {[%emt 0:00:01]} 17. Qc2 {[%emt 0:00:07]} b6 {[%emt 0:00:09]} 18. cxb6 {[%emt 0:00:08]} Qxb6 {[%emt 0:00:03]} 19. Rac1 {[%emt 0:00:07]} Bb7 {[%emt 0:00:02]} 20. Nb1 {[%emt 0:00:03]} Rfc8 {[%emt 0:00:03]} 21. Na3 {[%emt 0:00:02]} e5 {[%emt 0:00:14]} 22. dxe5 {[%emt 0:00:04]} Nxe5 {[%emt 0:00:02]} 23. Nxe5 {[%emt 0:00:02]} Bxe5 {[%emt 0:00:02]} 24. Bf3 {[%emt 0:00:03]} Bd6 {[%emt 0:00:10]} 25. Nb1 {[%emt 0:00:06]} Rab8 {[%emt 0:00:03]} 26. Nd2 {[%emt 0:00:04]} Be5 {[%emt 0:00:06]} 27. Rb1 {[%emt 0:00:03]} Bf6 {[%emt 0:00:04]} 28. e4 {[%emt 0:00:05]} Rd8 {[%emt 0:00:11]} 29. exd5 {[%emt 0:00:03]} cxd5 {[%emt 0:00:03]} 30. Rfe1 {[%emt 0:00:07]} Rbc8 {[%emt 0:00:05]} 31. Qd1 {[%emt 0:00:02]} Re8 {[%emt 0:00:13]} 32. Rxe8+ {[%emt 0:00:04]} Rxe8 {[%emt 0:00:01]} 33. Nf1 {[%emt 0:00:02]} Rd8 {[%emt 0:00:25]} 34. Ne3 {[%emt 0:00:06]} d4 {[%emt 0:00:05]} 35. Nc4 {[%emt 0:00:07]} Qa7 {[%emt 0:00:08]} 36. Bxb7 {[%emt 0:00:05]} Qxb7 {[%emt 0:00:02]} 37. Nxa5 {[%emt 0:00:05]} Qa7 {[%emt 0:00:10]} 38. Nc6 {[%emt 0:00:05]} Qc7 {[%emt 0:00:08]} 39. Nxd8 {[%emt 0:00:02]} Qxd8 {[%emt 0:00:01]} 40. Qd3 {[%emt 0:00:01]} Kg7 {[%emt 0:00:02]} 41. Rd1 {[%emt 0:00:01]} Qa5 {[%emt 0:00:07]} 42. Qc4 {[%emt 0:00:03]} h5 {[%emt 0:00:07]} 43. Rd3 {[%emt 0:00:03]} Qe1+ {[%emt 0:00:04]} 44. Kh2 {[%emt 0:00:04]} Qxf2 {[%emt 0:00:01]} 45. Rf3 {[%emt 0:00:05]} Qe1 {[%emt 0:00:07]} 46. b4 {[%emt 0:00:02]} h4 {[%emt 0:00:04]} 47. gxh4 {[%emt 0:00:08]} Qxh4+ {[%emt 0:00:02]} 48. Kg1 {[%emt 0:00:07]} Qe1+ {[%emt 0:00:04]} 49. Qf1 {[%emt 0:00:04]} Qxb4 {[%emt 0:00:03]} 50. Rxf6 {[%emt 0:00:05]} Qb7 {[%emt 0:00:21]} 51. a5 {[%emt 0:00:10]} Qa7 {[%emt 0:00:03]} 52. Rxf7+ {[%emt 0:00:06]} Qxf7 {[%emt 0:00:05]} 53. Qxf7+ {[%emt 0:00:01]} Kxf7 {[%emt 0:00:00]} 54. a6 {[%emt 0:00:01]} d3 {[%emt 0:00:08]} 55. Kf1 {[%emt 0:00:02]} Ke6 {[%emt 0:00:02]} 56. a7 {[%emt 0:00:02] Tvtower68 resigns (Lag: Av=0.55s, max=9.0s)} 1-0